| 000 | 00740nab a2200229u 4500 | ||
|---|---|---|---|
| 001 | 09308 | ||
| 003 | HDC | ||
| 007 | c| |||a|c|aaaa | ||
| 008 | 210131b20141217my ||||| |||| 00| 0 may d | ||
| 040 | _aHDC | ||
| 245 | 0 | _aGMB bantu usahawan fahami GST- Agil Faisal | |
| 336 |
_atext _2rdacontent |
||
| 337 |
_acomputer _2rdamedia |
||
| 338 |
_aonline resource _2rdacarrier |
||
| 650 |
_aGenerasi Muda Berjaya (GMB) _99646 |
||
| 650 |
_aGoods and Services Tax (GST) _99647 |
||
| 710 | _aUtusan Malaysia | ||
| 856 | _zRequest full-text at [email protected] | ||
| 942 | _2lcc | ||
| 942 | _cNEWS | ||
| 942 | _kNWSC 001587 | ||
| 999 |
_c6631 _d6631 |
||